00406nam a2200133Ia 4500008004100000100002300041245007000064245002300134260006200157260000900219300002200228500000900250650001300259170224s9999 xx 000 0 und d aStephen L. Wearing aVolunteer tourism: popular humanitarianism in neo-liberal times  cStephen L. Wearing bJournal of Policy Research in Tourism, Leisure and Events c2016 a8:1, Pages: 92-93 a2016 xTourism.